Marine organic chemistry : evolution, composition, interactions and chemistry of organic matter in seawater

Saved in:
Bibliographic Details
Other Authors: Duursma, E. K. (Editor), Dawson, R. (Editor)
Format: Book
Language:English
Published: Amsterdam : Elsevier Scientific, 1981
Series:Elsevier oceanography series ; ; 31
Subjects:
Tags: Add Tag
No Tags, Be the first to tag this record!

MARC

LEADER 00000cam a2200000 i 4500
001 1/86180
008 970408s1981 eng d
020 |a 0-444-41892-X 
035 |l 10006441 
040 |a GR-MY-UA  |b gre  |e aacr 
041 0 |a eng 
082 0 |a 551.4600154 
245 1 0 |a Marine organic chemistry :  |b evolution, composition, interactions and chemistry of organic matter in seawater /  |c edited by E. K. Duursma and R. Dawson 
260 |a Amsterdam :   |b Elsevier Scientific,   |c 1981 
300 |a xiv, 521 p.;  |b ill.;  |c 25 cm 
490 1 |a Elsevier oceanography series  |v ; 31 
504 |a Includes bibliographical references and index 
650 0 0 |a Chemical oceanography. 
650 0 0 |a Organic geochemistry. 
700 1 |a Duursma, E. K.  |4 edt 
700 1 |a Dawson, R.  |4 edt 
830 0 |a Elsevier oceanography series ;  |v ; 31 
852 |a INST  |b LESVOS  |e 19970408  |h 551.46 MAR  |p 005100011561  |q 005100011561  |t BK  |y 23 
909 |a Λ  |b 009378